书目信息 |
| 题名: |
广播里的笑声
|
|
| 作者: | ;中央人民广播电台文艺部 编 | |
| 分册: | ||
| 出版信息: | 北京 宝文堂书店 1981 |
|
| 页数: | 426页 | |
| 开本: | 19cm | |
| 丛书名: | ||
| 单 册: | ||
| 中图分类: | I239.7 | |
| 科图分类: | ||
| 主题词: | 相声--中国--现代--选集 , 戏剧文学--剧本--中国 | |
| 电子资源: | ||
| ISBN: | ||
| 000 | 00723nam0 2200241 45 | |
| 001 | 0181002195 | |
| 005 | 20060909170150.35 | |
| 010 | @dCNY0.94 | |
| 091 | @a8070.37 | |
| 100 | @a19950120d1981 em y0chiy0121 ea | |
| 101 | 0 | @achi |
| 102 | @aCN@b110000 | |
| 105 | @af z 000by | |
| 200 | 10 | @a广播里的笑声@Aguang bo li de xiao sheng@e相声集@f中央人民广播电台文艺部编 |
| 210 | @a北京@c宝文堂书店@d1981 | |
| 215 | @a426页@c照片@d19cm | |
| 606 | @a相声@y中国@z现代@x选集 | |
| 606 | 0 | @a戏剧文学@x剧本@x中国 |
| 690 | @aI239.7 | |
| 711 | 02 | @a中央人民广播电台文艺部@Azhong yang ren min guang bo dian tai wen yi bu@4编 |
| 801 | 0 | @aCN@b上海图书馆@c20060909 |
| 801 | 2 | @aCN@bNLC@c20060725 |
| 905 | @f1@b178591@dI239.7@e21 | |
| 广播里的笑声:相声集/中央人民广播电台文艺部编.-北京:宝文堂书店,1981 |
| 426页:照片;19cm |
| ISBN :CNY0.94 |
| ● |
| 相关链接 |
|
|
|
|
正题名:广播里的笑声
索取号:I239.7/21
 
预约/预借
| 序号 | 登录号 | 条形码 | 馆藏地/架位号 | 状态 | 备注 |
| 1 | 0060524 | 001915253 | 密集书库/ [索取号:I239.7/21] | 在馆 | |
| 2 | 0060525 | 001502546 | 第二借阅区/ [索取号:I239.7/21] | 在馆 | |
| 3 | 0178591 | 000961221 | 第一样本阅览室/ [索取号:I239.7/21] | 在馆 | |
| 4 | 0427854 | 204278548 | 密集书库/ [索取号:I239.7/21] | 在馆 | |
| 5 | 0474433 | 204744330 | 密集书库/ [索取号:I239.7/21] | 在馆 |